<?xml version="1.0" encoding="UTF-8"?>
<record
    xmlns:xsi="http://www.w3.org/2001/XMLSchema-instance"
    xsi:schemaLocation="http://www.loc.gov/MARC21/slim http://www.loc.gov/standards/marcxml/schema/MARC21slim.xsd"
    xmlns="http://www.loc.gov/MARC21/slim">

  <leader>00661nam a22001937a 4500</leader>
  <controlfield tag="008">160920b        xxu||||| |||| 00| 0 eng d</controlfield>
  <datafield tag="020" ind1=" " ind2=" ">
    <subfield code="a">9350905340</subfield>
  </datafield>
  <datafield tag="040" ind1=" " ind2=" ">
    <subfield code="a">KABU</subfield>
    <subfield code="c">KABU</subfield>
  </datafield>
  <datafield tag="050" ind1=" " ind2=" ">
    <subfield code="a">QR251</subfield>
    <subfield code="b">.P36 2013 C.1</subfield>
  </datafield>
  <datafield tag="100" ind1=" " ind2=" ">
    <subfield code="a">Paniker, CK Jayaram</subfield>
  </datafield>
  <datafield tag="245" ind1=" " ind2=" ">
    <subfield code="a">Paniker's textbook of medical parasitology</subfield>
    <subfield code="c">by CK Jayaram Paniker and Sougata Ghosh</subfield>
  </datafield>
  <datafield tag="250" ind1=" " ind2=" ">
    <subfield code="a">7th ed.</subfield>
  </datafield>
  <datafield tag="260" ind1=" " ind2=" ">
    <subfield code="a">New Delhi</subfield>
    <subfield code="b">Jaypee brothers medical publishers</subfield>
    <subfield code="c">2013</subfield>
  </datafield>
  <datafield tag="300" ind1=" " ind2=" ">
    <subfield code="a">xii, 266 p.</subfield>
  </datafield>
  <datafield tag="650" ind1=" " ind2=" ">
    <subfield code="2">Medical parasitology</subfield>
    <subfield code="x">Textbooks</subfield>
  </datafield>
  <datafield tag="650" ind1=" " ind2=" ">
    <subfield code="2">Parasitic diseases</subfield>
    <subfield code="x">Textbooks</subfield>
  </datafield>
  <datafield tag="700" ind1=" " ind2=" ">
    <subfield code="a">Ghosh, Sougata</subfield>
  </datafield>
  <datafield tag="942" ind1=" " ind2=" ">
    <subfield code="2">lcc</subfield>
    <subfield code="c">BK</subfield>
    <subfield code="e">7th ed.</subfield>
    <subfield code="h">QR251 .P36 2013 C.1</subfield>
  </datafield>
  <datafield tag="999" ind1=" " ind2=" ">
    <subfield code="c">16064</subfield>
    <subfield code="d">16064</subfield>
  </datafield>
  <datafield tag="952" ind1=" " ind2=" ">
    <subfield code="0">0</subfield>
    <subfield code="1">0</subfield>
    <subfield code="2">lcc</subfield>
    <subfield code="7">0</subfield>
    <subfield code="a">KABU</subfield>
    <subfield code="b">KABU</subfield>
    <subfield code="c">GEN</subfield>
    <subfield code="d">2016-09-20</subfield>
    <subfield code="g">8880.00</subfield>
    <subfield code="l">26</subfield>
    <subfield code="m">1</subfield>
    <subfield code="o">QR251 .P36 2013 C.1</subfield>
    <subfield code="p">026669</subfield>
    <subfield code="q">2021-07-31</subfield>
    <subfield code="r">2021-07-15 00:00:00</subfield>
    <subfield code="s">2021-07-15</subfield>
    <subfield code="t">C.1</subfield>
    <subfield code="w">2016-09-20</subfield>
    <subfield code="y">BK</subfield>
  </datafield>
  <datafield tag="952" ind1=" " ind2=" ">
    <subfield code="0">0</subfield>
    <subfield code="1">0</subfield>
    <subfield code="2">lcc</subfield>
    <subfield code="7">0</subfield>
    <subfield code="a">KABU</subfield>
    <subfield code="b">KABU</subfield>
    <subfield code="d">2016-09-20</subfield>
    <subfield code="l">3</subfield>
    <subfield code="o">QR251 .P36 2013 C.2</subfield>
    <subfield code="p">026671</subfield>
    <subfield code="r">2017-09-25 00:00:00</subfield>
    <subfield code="s">2017-05-16</subfield>
    <subfield code="t">C.2</subfield>
    <subfield code="w">2016-09-20</subfield>
    <subfield code="y">BK</subfield>
  </datafield>
  <datafield tag="952" ind1=" " ind2=" ">
    <subfield code="0">0</subfield>
    <subfield code="1">0</subfield>
    <subfield code="2">lcc</subfield>
    <subfield code="7">0</subfield>
    <subfield code="a">KABU</subfield>
    <subfield code="b">KABU</subfield>
    <subfield code="d">2016-09-20</subfield>
    <subfield code="l">9</subfield>
    <subfield code="m">2</subfield>
    <subfield code="o">QR251 .P36 2013 C.3</subfield>
    <subfield code="p">026672</subfield>
    <subfield code="r">2017-06-30 00:00:00</subfield>
    <subfield code="s">2017-06-22</subfield>
    <subfield code="t">C.3</subfield>
    <subfield code="w">2016-09-20</subfield>
    <subfield code="y">BK</subfield>
  </datafield>
  <datafield tag="952" ind1=" " ind2=" ">
    <subfield code="0">0</subfield>
    <subfield code="1">0</subfield>
    <subfield code="2">lcc</subfield>
    <subfield code="7">0</subfield>
    <subfield code="a">KABU</subfield>
    <subfield code="b">KABU</subfield>
    <subfield code="d">2016-09-20</subfield>
    <subfield code="l">56</subfield>
    <subfield code="m">10</subfield>
    <subfield code="o">QR251 .P36 2013 C.4</subfield>
    <subfield code="p">026673</subfield>
    <subfield code="r">2026-03-02 13:04:50</subfield>
    <subfield code="s">2026-01-28</subfield>
    <subfield code="t">C.4</subfield>
    <subfield code="w">2016-09-20</subfield>
    <subfield code="y">BK</subfield>
  </datafield>
  <datafield tag="952" ind1=" " ind2=" ">
    <subfield code="0">0</subfield>
    <subfield code="1">0</subfield>
    <subfield code="2">lcc</subfield>
    <subfield code="7">0</subfield>
    <subfield code="a">KABU</subfield>
    <subfield code="b">KABU</subfield>
    <subfield code="c">GEN</subfield>
    <subfield code="d">2016-09-29</subfield>
    <subfield code="g">8.00</subfield>
    <subfield code="l">56</subfield>
    <subfield code="m">2</subfield>
    <subfield code="o">QR251 .P36 2013 C.5</subfield>
    <subfield code="p">026816</subfield>
    <subfield code="r">2025-12-03 11:34:31</subfield>
    <subfield code="s">2025-11-21</subfield>
    <subfield code="t">c. 5</subfield>
    <subfield code="w">2016-09-29</subfield>
    <subfield code="y">BK</subfield>
  </datafield>
  <datafield tag="952" ind1=" " ind2=" ">
    <subfield code="0">0</subfield>
    <subfield code="1">0</subfield>
    <subfield code="2">lcc</subfield>
    <subfield code="7">0</subfield>
    <subfield code="a">KABU</subfield>
    <subfield code="b">KABU</subfield>
    <subfield code="c">GEN</subfield>
    <subfield code="d">2026-06-02</subfield>
    <subfield code="g">900.00</subfield>
    <subfield code="i">2026/4497</subfield>
    <subfield code="l">0</subfield>
    <subfield code="o">QR251 .P36 2013 C.6</subfield>
    <subfield code="p">37877</subfield>
    <subfield code="r">2026-06-02 10:17:28</subfield>
    <subfield code="t">C.6</subfield>
    <subfield code="w">2026-06-02</subfield>
    <subfield code="y">BK</subfield>
  </datafield>
</record>
